000 00601pam a2200217 4500
001 787784
005 20180228072109.0
008 740129s1974 nyua b 001 0 eng
010 _a 74001195
020 _a0471234648
040 _aDLC
_cDLC
_dDLC
041 _aeng
080 _a530.12 MAR
082 0 0 _a530.12 MAR
100 1 _a42
101 _aFIZ
245 1 0 _aQuantum physics of atoms, molecules, solids, nuclei, and particles
_c[by] Robert Eisberg and Robert Resnick.
504 _aIncludes bibliography.
906 _a7
_bcbc
_corignew
_d1
_eocip
_f19
_gy-gencatlg
942 _2ddc
_cBK
999 _c43706
_d43706